Vyhláška č.290/1994 Z.z.

Úplné znenie vyhlášky č.290/199 Z.z. Ministerstva práce, sociálnych vecí a rodiny Slovenskej republiky z 10. októbra 1994, ktorou sa vykonávajú niektoré ustanovenia zákona o sociálnom zabezpečení.

Salvato in:
Dettagli Bibliografici
Natura: Capitolo di libro
Lingua:slovacco
Soggetti:
Tags: Aggiungi Tag
Nessun Tag, puoi essere il primo ad aggiungerne!!

MARC

LEADER 00000naa a2200000 4500
001 r017463
005 20221213100250.8
041 0 |a slo 
044 |a SK 
245 1 0 |a Vyhláška č.290/1994 Z.z. 
520 |a Úplné znenie vyhlášky č.290/199 Z.z. Ministerstva práce, sociálnych vecí a rodiny Slovenskej republiky z 10. októbra 1994, ktorou sa vykonávajú niektoré ustanovenia zákona o sociálnom zabezpečení. 
610 2 0 |a vyhlášky 
610 2 0 |a MPSVR SR Bratislava 
610 2 0 |a Slovensko 
610 2 0 |a 1994 
610 2 0 |a zabezpečenie sociálne